La cultura taína en Cuba /

Folleto de historia prehispánica de Cuba que sirve de guión para un audiovisual (no disponible en la Biblioteca), pero que contiene por sí mismo un buen resumen de la cultura taína en la isla y de sus manifestaciones artísticas en cerámica.

Guardado en:
Detalles Bibliográficos
Autor principal: Rivero de la Calle, Manuel (autor)
Formato: Libro
Idioma:Español
Temas:
Etiquetas: Agrega una etiqueta
Sin etiquetas, Sé el primero en etiquetar este registro!

MARC

LEADER 00000nam^a2200000^a^4500
001 000323007
005 20250521000000.0
009 20260310113626.464
037 |a Acervo ITESO - Biblioteca 
041 |a ESP 
082 |a 972. 910  |b RIV 
100 |a Rivero de la Calle, Manuel  |e (autor) 
245 1 3 |a La cultura taína en Cuba /  |c Guión de M. Rivero de la Calle. 
264 |a La Habana, Cuba :  |b UNESCO, Comisión Nacional Cubana,  |c 1964 
300 |a 1 folleto ([23] p.) 
336 |a texto  |b txt  |2 rdacontenido 
337 |a sin mediación  |b n  |2 rdamedio 
338 |a volumen  |b nc  |2 rdasoporte 
520 |a Folleto de historia prehispánica de Cuba que sirve de guión para un audiovisual (no disponible en la Biblioteca), pero que contiene por sí mismo un buen resumen de la cultura taína en la isla y de sus manifestaciones artísticas en cerámica. 
649 |a XX 
650 |a Taínos -  |z Cuba -  |x Historia -  |x Tema Principal 
650 |a Arahuacos -  |z Cuba -  |x Historia 
650 |a Indígenas del Caribe -  |z Cuba -  |x Historia 
650 |a Cerámica Prehispánica -  |z Cuba -  |x Historia y Crítica -  |x Tema Principal 
650 |a Cerámica Cubana -  |x Historia y Crítica 
650 |a Arte Prehispánico -  |z Cuba -  |x Historia y Crítica 
650 |a Arte Cubano -  |x Historia y Crítica 
650 |a Arqueología -  |z Cuba 
650 |a Cuba -  |x Historia -  |y Epoca Prehispánica 
910 |a Fondo General 
920 |a Impresos - Libros 
930 |a Colección General 
905 |a 101 
901 |a 0500210385  |b IT2  |c FOL  |i D55888  |u 20250521 
902 |a https://opac.biblio.iteso.mx/vufind/Record/000323007